[Event "Chess24 Banter Final 2020"]
[Site "chess24.com INT"]
[Date "2020.09.22"]
[Round "1.3"]
[White "Aronian, Levon"]
[Black "Jones, Gawain C B"]
[Result "1/2-1/2"]
[WhiteTitle "GM"]
[BlackTitle "GM"]
[WhiteElo "2773"]
[BlackElo "2670"]
[WhiteFideId "13300474"]
[BlackFideId "409561"]
[EventDate "2020.09.21"]

1. e4 c5 2. Nf3 d6 3. c3 Nf6 4. h3 Nc6 5. Bd3 e5 6. Bc2 d5 7. exd5 Qxd5 8. d3
Bf5 9. O-O O-O-O 10. Re1 Bxd3 11. Bxd3 Qxd3 12. Qxd3 Rxd3 13. Nbd2 Bd6 14. Ng5
Rf8 15. Nc4 h6 16. Nf3 Re8 17. Be3 Bf8 18. Rad1 Rd5 19. Bc1 Rxd1 20. Rxd1 b5 21.
Ne3 Rd8 22. Rxd8+ Kxd8 23. Kf1 c4 24. Nf5 Kd7 25. g4 Ke6 26. Ke2 Ne7 27. Nxe7
Bxe7 28. g5 Ng8 29. gxh6 Nxh6 30. Bxh6 gxh6 31. Ne1 Bc5 32. Nc2 Kf5 33. Ne1 e4
34. Ng2 Ke5 35. f3 a6 36. fxe4 Kxe4 37. Nh4 Be3 38. Nf3 Bc1 39. b3 Bb2 40. bxc4
bxc4 41. Nd2+ Kd5 42. Nb1 Bc1 43. Kd1 Bg5 44. Ke2 f5 45. Na3 Bf6 46. Nc2 f4 47.
Nb4+ Ke4 48. Nxa6 f3+ 49. Kf2 Bh4+ 50. Kf1 Kd3 51. a4 Kxc3 52. a5 Bd8 53. Kf2
Bxa5 54. Kxf3 Bb6 55. Nb8 Kb3 56. Nd7 c3 57. Ne5 c2 58. Nd3 Kc3 59. Ke2 Bc5 60.
Nc1 Ba3 61. Nd3 Be7 62. Nc1 Bf6 63. Na2+ Kb3 64. Nc1+ Kb2 65. Nd3+ Kb1 66. Ke3
Bc3 67. Ke4 Ka2 68. Nc1+ Kb2 69. Ne2 Kb3 70. Kd3 Bf6 71. Nc1+ Kb2 72. Ne2 Bg5
73. Kc4 Bd2 74. Kd3 Bf4 75. Kd4 Kb3 76. Kd3 Be5 77. Nc1+ Kb2 78. Ne2 Bc3 79. Kc4
h5 80. Kd3 Bg7 81. Kd2 Bh6+ 82. Kd3 Bg5 83. Ke4 Bf6 84. Kd3 Kb3 85. Nc1+ Kb2 86.
Ne2 Bd8 87. Ke4 Bb6 88. Kd3 Bc5 89. Ke4 Kb3 90. Kd3 Bf2 91. Nc1+ Kb2 92. Ne2 Be1
93. Ke4 h4 94. Kd3 Bg3 95. Ke4 Bc7 96. Kd3 Bb6 97. Kd2 Ba5+ 98. Kd3 Bc3 99. Kc4
Bf6 100. Kd3 Bg5 101. Ke4 Bh6 102. Kd3 Kb1 103. Ke4 Bg7 104. Kd3 Kb2 105. Kd2
Kb3 106. Nc1+ Kb2 107. Ne2 Bc3+ 108. Kd3 Ba5 109. Ke4 Bb6 110. Kd3 Bf2 111. Ke4
Be1 112. Kd3 Ba5 113. Ke4 Bb6 114. Kd3 c1=Q 115. Nxc1 Kxc1 116. Ke2 Kc2 117. Kf3
Kd3 118. Kg2 Ke2 119. Kh1 Kf1 120. Kh2 Bg1+ 121. Kh1 Kf2 1/2-1/2

[Event "Chess24 Banter Final 2020"]
[Site "chess24.com INT"]
[Date "2020.09.22"]
[Round "1.4"]
[White "Jones, Gawain C B"]
[Black "Aronian, Levon"]
[Result "0-1"]
[WhiteTitle "GM"]
[BlackTitle "GM"]
[WhiteElo "2670"]
[BlackElo "2773"]
[WhiteFideId "409561"]
[BlackFideId "13300474"]
[EventDate "2020.09.21"]

1. e4 e5 2. Nf3 Nf6 3. d4 Nxe4 4. Bd3 Nc6 5. Nxe5 Nxe5 6. dxe5 Nc5 7. Bc4 d6 8.
Qf3 Ne6 9. exd6 Bxd6 10. Be3 O-O 11. Nc3 Be5 12. O-O Qh4 13. g3 Qxc4 14. Nd5 Re8
15. c3 Bd7 16. b3 Qa6 17. Nb4 Qa5 18. Bd2 c5 19. Nd5 Bc6 20. Rfe1 Bxd5 21. Qxd5
Bxc3 22. Bxc3 Qxc3 23. Qxb7 Nd4 24. Kg2 h6 25. Rac1 Qa5 26. Red1 Qb6 27. Qd5
Rad8 28. Qxc5 Qb7+ 29. Kh3 Rd5 30. Rxd4 Qd7+ 0-1

[Event "Chess24 Banter Final 2020"]
[Site "chess24.com INT"]
[Date "2020.09.22"]
[Round "1.5"]
[White "Aronian, Levon"]
[Black "Jones, Gawain C B"]
[Result "1/2-1/2"]
[WhiteTitle "GM"]
[BlackTitle "GM"]
[WhiteElo "2773"]
[BlackElo "2670"]
[WhiteFideId "13300474"]
[BlackFideId "409561"]
[EventDate "2020.09.21"]

1. e4 c5 2. Nf3 d6 3. c3 Nf6 4. h3 Nc6 5. Bd3 e5 6. Bc2 d5 7. exd5 Qxd5 8. Qe2
Be6 9. d3 O-O-O 10. O-O c4 11. Rd1 Bc5 12. b4 Bb6 13. Na3 e4 14. dxe4 Qh5 15.
Bf4 Bxh3 16. gxh3 Qxh3 17. Nh2 g5 18. Be3 Bc7 19. f3 g4 20. Qg2 Qh5 21. Rxd8+
Rxd8 22. f4 g3 23. Nf1 Ng4 24. Nxc4 Nxe3 25. Ncxe3 Bxf4 26. Rd1 Rg8 27. Rd5 Ne5
28. Bd1 Qh6 29. Nf5 Qb6+ 30. Kh1 Kb8 31. N1xg3 Bxg3 32. Nxg3 Qh6+ 33. Qh2 Qf4
34. Rxe5 Qxe5 35. Nf5 Qxh2+ 36. Kxh2 Rc8 37. Bb3 Rxc3 38. Bxf7 Kc7 39. Bd5 b6
40. Nd4 Rd3 41. Nb5+ Kb8 42. Kg2 a6 43. Nd6 Rd4 44. b5 a5 45. Nc4 Kc7 46. Kf3 h5
47. Kg3 a4 48. Kh4 Rd1 49. Kxh5 Rb1 50. Kg6 Rxb5 51. Kf6 Rb1 52. e5 b5 53. Na3
Rf1+ 54. Ke6 b4 55. Nc2 Rf4 56. Ne3 Kb6 57. Nc4+ Kc5 58. Nd6 Rd4 59. Ne4+ Kb6
60. Nf6 Rd2 61. Kf7 b3 62. Bxb3 axb3 63. axb3 Re2 64. e6 Kc5 65. e7 Rxe7+ 66.
Kxe7 Kb4 67. Ke6 Kxb3 1/2-1/2

[Event "Chess24 Banter Final 2020"]
[Site "chess24.com INT"]
[Date "2020.09.22"]
[Round "1.6"]
[White "Jones, Gawain C B"]
[Black "Aronian, Levon"]
[Result "1-0"]
[WhiteTitle "GM"]
[BlackTitle "GM"]
[WhiteElo "2670"]
[BlackElo "2773"]
[WhiteFideId "409561"]
[BlackFideId "13300474"]
[EventDate "2020.09.21"]

1. e4 e5 2. Nf3 Nc6 3. d4 exd4 4. Nxd4 Bb4+ 5. c3 Bc5 6. Be3 Bb6 7. Nf5 g6 8.
Bxb6 axb6 9. Ne3 Nf6 10. f3 Qe7 11. c4 Qb4+ 12. Qd2 Qxd2+ 13. Kxd2 d6 14. Nc3
Kd8 15. Be2 h5 16. Rhd1 Re8 17. Ke1 Bd7 18. Rac1 Ra5 19. a3 h4 20. Nb5 Ra8 21.
Nd5 Nxd5 22. cxd5 h3 23. gxh3 Rh8 24. dxc6 bxc6 25. Nc3 Rxh3 26. Kd2 Ke7 27. Ke3
Rxh2 28. Rh1 Rhh8 29. f4 b5 30. Bf3 Rxh1 31. Rxh1 Rb8 32. Na2 c5 33. Nc3 c6 34.
Kd2 b4 35. axb4 cxb4 36. Nd1 Ra8 37. Ne3 Ra2 38. Kc2 Ra5 39. Rh8 Be6 40. Rb8 Ra4
41. Rb7+ Kf6 42. Rb6 d5 43. exd5 cxd5 44. Bxd5 b3+ 45. Bxb3 Rd4 46. Kc3 Rd8 47.
Bxe6 fxe6 48. b4 Ra8 49. Kd4 Rd8+ 50. Ke4 Rd2 51. b5 Rb2 52. Ng4+ Ke7 53. Ne5
Rb4+ 54. Kf3 1-0

[Event "Chess24 Banter Final 2020"]
[Site "chess24.com INT"]
[Date "2020.09.22"]
[Round "1.7"]
[White "Aronian, Levon"]
[Black "Jones, Gawain C B"]
[Result "1-0"]
[WhiteTitle "GM"]
[BlackTitle "GM"]
[WhiteElo "2773"]
[BlackElo "2670"]
[WhiteFideId "13300474"]
[BlackFideId "409561"]
[EventDate "2020.09.21"]

1. e4 c5 2. Nf3 d6 3. c3 Nf6 4. h3 Nc6 5. Bd3 e5 6. Bc2 d5 7. exd5 Qxd5 8. Qe2
Be7 9. d3 O-O 10. O-O Bf5 11. Nbd2 Rad8 12. Ne4 Qd7 13. Rd1 h6 14. Ng3 Bg6 15.
Nxe5 Nxe5 16. Qxe5 Rfe8 17. Qe2 Qc6 18. Ne4 Nxe4 19. dxe4 Rxd1+ 20. Qxd1 Bxe4
21. Bxe4 Qxe4 22. Be3 Rd8 23. Qg4 Qxg4 24. hxg4 a6 25. a4 b6 26. Kf1 Kf8 27. Ke2
Ke8 28. Rh1 Rd5 29. Rh5 Rxh5 30. gxh5 Kd7 31. c4 Bd6 32. g4 Ke6 33. b3 f5 34. f3
Kf6 35. Kd3 a5 36. Bc1 Be5 37. Be3 Bd6 38. Bd2 Be5 39. Bc1 Ke6 40. g5 hxg5 41.
Bxg5 Bc7 42. Ke3 Kd7 43. Kf2 Ke6 44. Ke3 Kd7 45. h6 gxh6 46. Bxh6 Be5 47. Bg5
Kc6 48. Ke2 Kd7 49. Kf2 Bc7 50. Kg2 Ke6 51. Kh3 Ke5 52. Be3 f4 53. Bf2 Kf5 54.
Kh4 Bd8+ 55. Kh5 Bg5 56. Be1 Be7 57. Kh6 Bf6 58. Kh7 Be7 59. Kg7 Ke6 60. Kg6 Bd6
61. Bh4 Bc7 62. Bf6 Bd6 63. Bd8 Ke5 64. Bxb6 Kd4 65. Kf5 Kc3 66. Ke6 Bb8 67.
Bxa5+ Kxb3 68. Kd5 Kxa4 69. Bb6 Kb3 70. Bxc5 Kc3 71. Bd4+ Kd3 72. c5 Bc7 73. c6
Bb8 74. Be5 1-0

[Event "Chess24 Banter Final 2020"]
[Site "chess24.com INT"]
[Date "2020.09.22"]
[Round "1.8"]
[White "Jones, Gawain C B"]
[Black "Aronian, Levon"]
[Result "0-1"]
[WhiteTitle "GM"]
[BlackTitle "GM"]
[WhiteElo "2670"]
[BlackElo "2773"]
[WhiteFideId "409561"]
[BlackFideId "13300474"]
[EventDate "2020.09.21"]

1. e4 e5 2. Nf3 Nf6 3. d4 Nxe4 4. Bd3 Nc6 5. Nxe5 Nxe5 6. dxe5 Nc5 7. O-O d5 8.
Nc3 c6 9. Be2 d4 10. Nb1 Bf5 11. Bg4 Bxg4 12. Qxg4 Qd5 13. Bf4 h5 14. Qg3 Qe4
15. Nd2 Qxc2 16. Nf3 Ne6 17. Rfd1 h4 18. Nxh4 Qe4 19. Qb3 Nxf4 20. Qxb7 Rd8 21.
e6 Nxe6 22. Nf3 Bd6 23. Re1 Qd5 24. Qxa7 O-O 25. a4 Ra8 26. Qd7 Bxh2+ 0-1

[Event "Chess24 Banter Final 2020"]
[Site "chess24.com INT"]
[Date "2020.09.22"]
[Round "1.1"]
[White "Caruana, Fabiano"]
[Black "Bluebaum, Matthias"]
[Result "1-0"]
[WhiteTitle "GM"]
[BlackTitle "GM"]
[WhiteElo "2835"]
[BlackElo "2660"]
[WhiteFideId "2020009"]
[BlackFideId "24651516"]
[EventDate "2020.09.21"]

1. e4 e6 2. d4 d5 3. Nc3 Nf6 4. Bg5 dxe4 5. Nxe4 Be7 6. Bxf6 Bxf6 7. Nf3 Nd7 8.
Qd2 O-O 9. O-O-O Be7 10. h4 c5 11. h5 Qc7 12. h6 g6 13. Kb1 Nf6 14. Nxc5 b6 15.
Nd3 Bb7 16. Nde5 Rad8 17. Bd3 Nd5 18. c3 a6 19. Rhe1 b5 20. Bc2 Nb6 21. Bb3 a5
22. Qe2 a4 23. Nxf7 axb3 24. Nxd8 bxa2+ 25. Ka1 Qxd8 26. Qxe6+ Rf7 27. Ne5 Bd5
28. Nxf7 1-0

[Event "Chess24 Banter Final 2020"]
[Site "chess24.com INT"]
[Date "2020.09.22"]
[Round "1.2"]
[White "Bluebaum, Matthias"]
[Black "Caruana, Fabiano"]
[Result "0-1"]
[WhiteTitle "GM"]
[BlackTitle "GM"]
[WhiteElo "2660"]
[BlackElo "2835"]
[WhiteFideId "24651516"]
[BlackFideId "2020009"]
[EventDate "2020.09.21"]

1. d4 Nf6 2. c4 e6 3. Nf3 d5 4. Nc3 h6 5. Bf4 Bd6 6. Bg3 O-O 7. e3 Bxg3 8. hxg3
Nbd7 9. Rh4 Qe7 10. g4 Ne4 11. Qc2 Nxc3 12. bxc3 e5 13. Rh1 e4 14. Nd2 c6 15.
Be2 Nf6 16. g5 hxg5 17. O-O-O g6 18. Rh2 Kg7 19. Rdh1 Be6 20. Kb1 Qc7 21. Qc1
Qa5 22. Nb3 Qb6 23. Ka1 Rh8 24. Nc5 Bf5 25. Qg1 Qc7 26. g4 Rxh2 27. Rxh2 Bxg4
28. Bxg4 Nxg4 29. Rh3 Qc8 30. Qg3 b6 31. Nb3 Qf5 32. Qg2 Nxf2 33. Rh2 Ng4 34.
Rh1 Qf3 35. Qg1 Rh8 36. Rxh8 Kxh8 37. Nd2 Qe2 38. Nb3 Kg7 39. cxd5 cxd5 0-1

[Event "Chess24 Banter Final 2020"]
[Site "chess24.com INT"]
[Date "2020.09.22"]
[Round "1.3"]
[White "Caruana, Fabiano"]
[Black "Bluebaum, Matthias"]
[Result "1-0"]
[WhiteTitle "GM"]
[BlackTitle "GM"]
[WhiteElo "2835"]
[BlackElo "2660"]
[WhiteFideId "2020009"]
[BlackFideId "24651516"]
[EventDate "2020.09.21"]

1. e4 e6 2. d4 d5 3. Nc3 Nf6 4. Bg5 Be7 5. e5 Nfd7 6. Bxe7 Qxe7 7. Qd2 a6 8. f4
c5 9. Nf3 Nc6 10. Ne2 b5 11. c3 O-O 12. Ng3 b4 13. Bd3 bxc3 14. bxc3 cxd4 15.
cxd4 Qb4 16. Rb1 Qxd2+ 17. Kxd2 a5 18. Bb5 Bb7 19. Ba4 Ra7 20. Rxb7 Rxb7 21.
Bxc6 Rc7 22. Bxd7 Rxd7 23. Rb1 Rc8 24. Ne2 Rdc7 25. Ne1 Rc4 26. Rb2 Rb4 27. Rxb4
axb4 28. Nc2 Rb8 29. Nc1 Kf8 30. Nb3 Ke7 31. Nc5 Rb6 32. Kc1 f6 33. exf6+ gxf6
34. Kb2 Kd6 35. Nd3 h5 36. Ncxb4 Rb7 37. a4 Ra7 38. Kb3 h4 39. g3 hxg3 40. hxg3
Rg7 41. a5 Rxg3 42. Ka4 Kc7 43. Kb5 Rg1 44. Nc5 Re1 45. a6 Kb8 46. Kb6 Ka8 47.
a7 e5 48. Nca6 Rc1 49. fxe5 fxe5 50. dxe5 d4 51. Nc7+ Rxc7 52. Kxc7 Kxa7 53. Nd3 1-0

[Event "Chess24 Banter Final 2020"]
[Site "chess24.com INT"]
[Date "2020.09.22"]
[Round "1.4"]
[White "Bluebaum, Matthias"]
[Black "Caruana, Fabiano"]
[Result "1-0"]
[WhiteTitle "GM"]
[BlackTitle "GM"]
[WhiteElo "2660"]
[BlackElo "2835"]
[WhiteFideId "24651516"]
[BlackFideId "2020009"]
[EventDate "2020.09.21"]

1. d4 d5 2. c4 e6 3. Nc3 h6 4. Nf3 Nf6 5. Bf4 Bd6 6. Bg3 O-O 7. e3 Bxg3 8. hxg3
Nbd7 9. Rh4 Qe7 10. g4 Ne4 11. Qc2 Nxc3 12. Qxc3 Nf6 13. O-O-O Ne4 14. Qc2 c5
15. Bd3 Ng5 16. Nxg5 Qxg5 17. Rdh1 dxc4 18. Bh7+ Kh8 19. f4 Qe7 20. g5 cxd4 21.
exd4 Bd7 22. Qc3 b5 23. Bb1 f5 24. d5 e5 25. Qxe5 Qxe5 26. fxe5 b4 27. gxh6 g6
28. Rxc4 Rac8 29. Rxc8 Rxc8+ 30. Kd2 Rc5 31. Ke3 Rxd5 32. Kf4 Kh7 33. Bc2 Rd4+
34. Kg5 Rg4+ 35. Kf6 Rxg2 36. Bb3 Rxb2 37. Bf7 Rg2 38. e6 Ba4 39. e7 f4 40. Bd5
f3 41. Rf1 Rg3 42. Bxf3 Bb5 43. Bd5 Re3 44. Rf4 g5 45. Rxb4 Be8 46. Be4+ Kxh6
47. Bf5 Rf3 48. Rb8 1-0

[Event "Chess24 Banter Final 2020"]
[Site "chess24.com INT"]
[Date "2020.09.22"]
[Round "1.5"]
[White "Caruana, Fabiano"]
[Black "Bluebaum, Matthias"]
[Result "1/2-1/2"]
[WhiteTitle "GM"]
[BlackTitle "GM"]
[WhiteElo "2835"]
[BlackElo "2660"]
[WhiteFideId "2020009"]
[BlackFideId "24651516"]
[EventDate "2020.09.21"]

1. e4 c6 2. Nc3 d5 3. Nf3 dxe4 4. Nxe4 Nf6 5. Qe2 Nxe4 6. Qxe4 Nd7 7. d4 Nf6 8.
Qd3 g6 9. Be2 Bg7 10. O-O O-O 11. Re1 Bf5 12. Qb3 Qb6 13. c3 Bg4 14. h3 Bxf3 15.
Bxf3 e6 16. g3 Rfd8 17. h4 Rac8 18. Kg2 h5 19. Bg5 Rd7 20. Qc2 c5 21. dxc5 Qxc5
22. Rad1 Nd5 23. Qb3 b5 24. Rd2 a5 25. a3 Qc4 26. Qxc4 bxc4 27. Red1 Rb8 28. a4
Kh7 29. Kf1 Bh6 30. Bxh6 Kxh6 31. Bxd5 exd5 32. Rxd5 Rxd5 33. Rxd5 Rxb2 34. Rd4
Ra2 35. Rxc4 Kg7 36. Kg2 Kf6 37. Kf3 Ke6 38. Ke3 Kd5 39. Rd4+ Ke5 40. Rf4 f5 41.
Rc4 Kd5 42. Rd4+ Ke5 43. Rf4 Ra3 44. Kd3 Ra2 45. Ke3 Ra3 46. Rc4 Kd5 47. Kd3 Ra2
48. f3 Rg2 49. Rc8 Rxg3 50. Ke3 Rh3 51. Ra8 Rxh4 52. Rxa5+ Kc4 53. Ra6 g5 54.
Rf6 f4+ 55. Ke4 Rh1 56. Rc6+ Kb3 57. a5 Re1+ 58. Kf5 g4 59. Kxf4 Rf1 60. a6
Rxf3+ 61. Kg5 g3 62. Rb6+ Kc2 63. Kh4 g2 64. Rg6 Kxc3 65. Rxg2 Rf7 66. Kxh5 Ra7
67. Rg6 Kb4 68. Kg5 Kb5 69. Kf5 Rxa6 70. Rxa6 Kxa6 1/2-1/2

[Event "Chess24 Banter Final 2020"]
[Site "chess24.com INT"]
[Date "2020.09.22"]
[Round "1.6"]
[White "Bluebaum, Matthias"]
[Black "Caruana, Fabiano"]
[Result "0-1"]
[WhiteTitle "GM"]
[BlackTitle "GM"]
[WhiteElo "2660"]
[BlackElo "2835"]
[WhiteFideId "24651516"]
[BlackFideId "2020009"]
[EventDate "2020.09.21"]

1. d4 d5 2. c4 e6 3. Nc3 Be7 4. cxd5 exd5 5. Bf4 c6 6. Qc2 Nf6 7. h3 Ne4 8. e3
Nd7 9. Bd3 Ndf6 10. Nge2 O-O 11. Nxe4 dxe4 12. Bxe4 Nxe4 13. Qxe4 Bb4+ 14. Nc3
Re8 15. Qd3 Qf6 16. O-O Bf5 17. Qc4 a5 18. a3 Bf8 19. d5 Qg6 20. Rfd1 Bxh3 21.
Bg3 Bg4 22. Rd4 h5 23. dxc6 bxc6 24. Qd3 Bf5 25. Qd2 Be7 26. e4 Bg4 27. e5 h4
28. Qf4 hxg3 29. Qxg4 gxf2+ 30. Kf1 Qh6 31. Qh3 Qxh3 32. gxh3 Rab8 33. Rd2 Bh4
34. Re2 Rb3 35. Rd1 Re6 36. Rd4 Bg3 37. Rd8+ Kh7 38. Ne4 Bf4 39. Rxf2 Bh6 40.
Rxf7 Rxe5 41. Nf2 Rxb2 42. Ng4 Re6 43. Rd1 Kg6 44. Rf3 Bg5 45. Nf2 Rf6 46. Rxf6+
gxf6 47. Rd6 c5 48. Rc6 Be3 49. Nd3 Rc2 50. Re6 Bd4 51. Rd6 Kf5 52. Ne1 Rf2+ 53.
Kg1 Ra2+ 54. Kf1 Rxa3 55. Nc2 Rxh3 56. Nxd4+ cxd4 57. Rxd4 Ra3 58. Kf2 Ra1 59.
Rc4 a4 60. Rb4 a3 61. Rb3 a2 62. Ra3 Ke6 63. Kg2 f5 64. Ra6+ Kd7 65. Ra5 f4 0-1

[Event "Chess24 Banter Final 2020"]
[Site "chess24.com INT"]
[Date "2020.09.22"]
[Round "1.7"]
[White "Caruana, Fabiano"]
[Black "Bluebaum, Matthias"]
[Result "0-1"]
[WhiteTitle "GM"]
[BlackTitle "GM"]
[WhiteElo "2835"]
[BlackElo "2660"]
[WhiteFideId "2020009"]
[BlackFideId "24651516"]
[EventDate "2020.09.21"]

1. e4 e6 2. d4 d5 3. Nc3 Nf6 4. Bg5 dxe4 5. Nxe4 Be7 6. Bxf6 Bxf6 7. Nf3 Nd7 8.
Qd2 O-O 9. O-O-O Be7 10. h4 c5 11. h5 Qc7 12. h6 g6 13. Kb1 Nf6 14. Nxc5 b6 15.
Nd3 Bb7 16. Nde5 Rad8 17. Bc4 Nd5 18. Bb3 b5 19. Qe2 Qb6 20. Nd3 a5 21. Nc5 Ba8
22. Ne5 a4 23. Bxd5 Bxd5 24. Ned7 Qc6 25. Nxf8 Bxf8 26. f3 b4 27. Qa6 Qc7 28.
Qe2 Qf4 29. Ne4 Be7 30. g4 Qc7 31. g5 a3 32. Nc5 axb2 33. Rhg1 Ra8 34. Kxb2
Rxa2+ 35. Kc1 b3 36. Qb5 bxc2 37. Rd3 Qf4+ 38. Rd2 Ra1+ 39. Kxc2 Ra2+ 40. Kb1
Qxd2 0-1

[Event "Chess24 Banter Final 2020"]
[Site "chess24.com INT"]
[Date "2020.09.22"]
[Round "1.8"]
[White "Bluebaum, Matthias"]
[Black "Caruana, Fabiano"]
[Result "0-1"]
[WhiteTitle "GM"]
[BlackTitle "GM"]
[WhiteElo "2660"]
[BlackElo "2835"]
[WhiteFideId "24651516"]
[BlackFideId "2020009"]
[EventDate "2020.09.21"]

1. d4 Nf6 2. Nf3 e6 3. Bf4 d5 4. e3 Bd6 5. Ne5 O-O 6. Nd2 b6 7. h4 c5 8. c3 Qc7
9. h5 Nbd7 10. Nxd7 Bxd7 11. Bxd6 Qxd6 12. h6 g6 13. Nf3 Rfc8 14. Bd3 b5 15. Ne5
b4 16. Qf3 Qe7 17. O-O Be8 18. cxb4 c4 19. Bc2 Nd7 20. Nxd7 Bxd7 21. a3 Qg5 22.
e4 Bc6 23. e5 Qxh6 24. g3 Qd2 25. Qc3 Qg5 26. Kg2 h5 27. Rh1 Kg7 28. f4 Qe7 29.
Rh4 Rh8 30. Rah1 Rab8 31. Kg1 a5 32. bxa5 Qb7 33. f5 exf5 34. R1h2 Qxb2 35. Qe3
Qa1+ 36. Kg2 Rb2 37. Kf3 Rhb8 38. Qg5 0-1

[Event "Chess24 Banter Final 2020"]
[Site "chess24.com INT"]
[Date "2020.09.23"]
[Round "1.1"]
[White "Vachier-Lagrave, Maxime"]
[Black "Oparin, Grigoriy"]
[Result "1-0"]
[WhiteTitle "GM"]
[BlackTitle "GM"]
[WhiteElo "2778"]
[BlackElo "2652"]
[WhiteFideId "623539"]
[BlackFideId "24125890"]
[EventDate "2020.09.21"]

1. c4 Nf6 2. Nf3 e6 3. d4 d5 4. Nc3 Be7 5. Bg5 h6 6. Bh4 O-O 7. e3 b6 8. Be2 Bb7
9. O-O Nbd7 10. Rc1 c5 11. dxc5 Nxc5 12. Qc2 Nfe4 13. Bxe7 Qxe7 14. cxd5 Nxc3
15. Qxc3 Bxd5 16. b3 Rfd8 17. Rfd1 Bb7 18. b4 Ne4 19. Qc7 Rxd1+ 20. Bxd1 Qxc7
21. Rxc7 Bd5 22. a4 a5 23. b5 Nc5 24. Nd4 Rd8 25. Bc2 e5 26. Nc6 Bxc6 27. bxc6
Kf8 28. g4 Rd2 29. Rxf7+ Kxf7 30. c7 Rxc2 31. c8=Q Rc1+ 32. Kg2 e4 33. Qc7+ Kf6
34. Qxb6+ 1-0

[Event "Chess24 Banter Final 2020"]
[Site "chess24.com INT"]
[Date "2020.09.23"]
[Round "1.2"]
[White "Oparin, Grigoriy"]
[Black "Vachier-Lagrave, Maxime"]
[Result "0-1"]
[WhiteTitle "GM"]
[BlackTitle "GM"]
[WhiteElo "2652"]
[BlackElo "2778"]
[WhiteFideId "24125890"]
[BlackFideId "623539"]
[EventDate "2020.09.21"]

1. d4 d5 2. c4 c6 3. Nf3 Nf6 4. g3 g6 5. Bg2 Bg7 6. O-O O-O 7. Qa4 dxc4 8. Qxc4
Bf5 9. Nc3 Nbd7 10. Re1 Ne4 11. Nh4 Be6 12. Qd3 Nd6 13. Nf3 Bc4 14. Qc2 e5 15.
dxe5 Nxe5 16. Nxe5 Bxe5 17. Bh6 Re8 18. Rad1 Qe7 19. e4 Rad8 20. f4 Bf6 21. Qf2
Bxc3 22. bxc3 Nb5 23. Qe3 Qa3 24. Bg5 Rxd1 25. Rxd1 Qxc3 26. Qxc3 Nxc3 27. Rd7
b5 28. Rxa7 b4 29. Bf6 Nxa2 30. e5 b3 31. e6 Bxe6 32. Bxc6 Rc8 33. Bd7 Bxd7 34.
Rxd7 Nc3 35. Rb7 Ne4 36. Bd4 Rd8 37. Be3 Rd3 0-1

[Event "Chess24 Banter Final 2020"]
[Site "chess24.com INT"]
[Date "2020.09.23"]
[Round "1.3"]
[White "Vachier-Lagrave, Maxime"]
[Black "Oparin, Grigoriy"]
[Result "1-0"]
[WhiteTitle "GM"]
[BlackTitle "GM"]
[WhiteElo "2778"]
[BlackElo "2652"]
[WhiteFideId "623539"]
[BlackFideId "24125890"]
[EventDate "2020.09.21"]

1. d4 Nf6 2. Bf4 c5 3. d5 d6 4. Nc3 e5 5. Bd2 e4 6. Bf4 h6 7. e3 Bf5 8. Nge2 Be7
9. Ng3 Bh7 10. h4 O-O 11. Be2 Re8 12. a4 Bf8 13. Nf1 Nfd7 14. g4 Ne5 15. Nd2 Na6
16. g5 hxg5 17. hxg5 Nb4 18. Bb5 Nf3+ 19. Nxf3 exf3 20. Qxf3 Bg6 21. Kd2 f6 22.
gxf6 Qxf6 23. Rag1 Re7 24. Qh3 a6 25. Bd7 Rxd7 26. Qxd7 Re8 27. Rh2 Re7 28. Qxd6 1-0

[Event "Chess24 Banter Final 2020"]
[Site "chess24.com INT"]
[Date "2020.09.23"]
[Round "1.4"]
[White "Oparin, Grigoriy"]
[Black "Vachier-Lagrave, Maxime"]
[Result "1-0"]
[WhiteTitle "GM"]
[BlackTitle "GM"]
[WhiteElo "2652"]
[BlackElo "2778"]
[WhiteFideId "24125890"]
[BlackFideId "623539"]
[EventDate "2020.09.21"]

1. Nf3 f5 2. d4 Nf6 3. c4 g6 4. g3 Bg7 5. Bg2 O-O 6. O-O d6 7. Nc3 c6 8. d5 e5
9. dxe6 Bxe6 10. Bf4 Bxc4 11. Bxd6 Re8 12. Rc1 Nbd7 13. b3 Bd5 14. Nxd5 Nxd5 15.
Nd4 N7f6 16. Bc5 Qd7 17. e3 Ne4 18. Qc2 b6 19. Ba3 c5 20. Ne2 Qf7 21. Rcd1 Rad8
22. Nf4 Ndc3 23. Rxd8 Rxd8 24. Bc1 b5 25. Re1 b4 26. Bf1 Ng5 27. Bc4 Nf3+ 28.
Kf1 Qxc4+ 29. bxc4 a5 30. Nd5 Nxe1 31. Kxe1 a4 32. Nxc3 Bxc3+ 33. Ke2 Ra8 34. g4
fxg4 35. Qe4 Rd8 36. Qe6+ Kf8 37. e4 1-0

[Event "Chess24 Banter Final 2020"]
[Site "chess24.com INT"]
[Date "2020.09.23"]
[Round "1.5"]
[White "Vachier-Lagrave, Maxime"]
[Black "Oparin, Grigoriy"]
[Result "1/2-1/2"]
[WhiteTitle "GM"]
[BlackTitle "GM"]
[WhiteElo "2778"]
[BlackElo "2652"]
[WhiteFideId "623539"]
[BlackFideId "24125890"]
[EventDate "2020.09.21"]

1. d4 Nf6 2. Bf4 b6 3. f3 d5 4. e3 e6 5. Nd2 Bd6 6. Bg3 O-O 7. c3 a5 8. Bd3 Ba6
9. Bc2 Nbd7 10. f4 g6 11. Bf2 c5 12. g4 cxd4 13. cxd4 Rc8 14. g5 Nh5 15. Ne2 Qe7
16. Ng3 Ng7 17. a3 Rc7 18. Nf3 Rfc8 19. Bd3 Bxd3 20. Qxd3 Rc2 21. Qb5 Nf5 22.
O-O Qd8 23. Nxf5 gxf5 24. Ne1 Rd2 25. Nf3 Rdc2 26. Ne1 Rd2 27. Nd3 Rcc2 28. Rad1
Rxd1 29. Rxd1 Nf8 30. Ne1 Rc4 31. h4 h5 32. b3 Rc3 33. a4 Qc7 34. Qe2 Rxb3 35.
Qxh5 Rb2 36. Qf3 b5 37. axb5 a4 38. Nd3 Rc2 39. Nc5 Bxc5 40. dxc5 Qxc5 41. e4
Qxb5 42. exf5 exf5 43. Qxd5 Qxd5 44. Rxd5 Ne6 45. Ra5 Nxf4 46. Be3 Ng2 47. Bd4
Nxh4 48. Ra8+ Kh7 49. Rh8+ Kg6 50. Rxh4 Kxg5 51. Rh3 f4 52. Ra3 Rc4 53. Bb6 Kg4
54. Kf1 f5 55. Ke2 f3+ 56. Kd3 Re4 57. Ra1 Kh3 58. Ra2 Kg3 59. Bf2+ Kg4 60. Bd4
Kg3 61. Be3 Kg4 62. Bc5 Kg3 63. Bd6+ Kg4 64. Bc5 Kg3 65. Bf2+ Kg4 66. Ra1 Kh3
67. Be3 Rb4 68. Ra2 Re4 69. Bd4 Kg3 70. Bf2+ 1/2-1/2

[Event "Chess24 Banter Final 2020"]
[Site "chess24.com INT"]
[Date "2020.09.23"]
[Round "1.6"]
[White "Oparin, Grigoriy"]
[Black "Vachier-Lagrave, Maxime"]
[Result "0-1"]
[WhiteTitle "GM"]
[BlackTitle "GM"]
[WhiteElo "2652"]
[BlackElo "2778"]
[WhiteFideId "24125890"]
[BlackFideId "623539"]
[EventDate "2020.09.21"]

1. g3 g6 2. Bg2 Bg7 3. c4 c5 4. Nc3 Nc6 5. b3 Nf6 6. Bb2 O-O 7. e3 d6 8. Nge2
Bf5 9. d3 Ne5 10. Nc1 Qc8 11. h3 Rb8 12. f4 Nc6 13. N1e2 a6 14. g4 Bd7 15. O-O
b5 16. Ng3 b4 17. Na4 Nd8 18. Qe2 Bxa4 19. bxa4 Ne8 20. Rab1 Bxb2 21. Rxb2 Qd7
22. Qd1 f5 23. Bf3 e6 24. Rg2 Kh8 25. h4 Nf6 26. g5 Ne8 27. h5 Kg8 28. Rh2 Qg7
29. e4 Nc7 30. Kg2 fxe4 31. Nxe4 Rxf4 32. Nf6+ Rxf6 33. gxf6 Qxf6 34. hxg6 hxg6
35. Be4 Qg7 36. Qg4 Nf7 37. Qxg6 Qxg6+ 38. Bxg6 Ne5 39. Be4 Ne8 40. Kg1 Rc8 41.
Rff2 Rc7 42. Rfg2+ Rg7 43. Rh6 Rxg2+ 44. Kxg2 Ng7 45. a5 Nf7 46. Rg6 Nd8 47. Rf6
Ne8 48. Rf1 Kg7 49. Kf2 Nf6 50. Ke3 Ng4+ 51. Kd2 Ne5 52. Rh1 Ndc6 53. Rh7+ Kf6
54. Rb7 Nxa5 55. Rb6 Naxc4+ 0-1